Statistics for Visual Memory Test - Countries on a World Map HARD (25)

Click here to take the quiz!

General Stats

  • This quiz has been taken 3,281 times
  • The average score is 16 of 25

Answers on the Map

Answers color-coded by a green-red scale on the quiz's map according to % correct below.
 

Answer Stats

Country% Correct
United States
99%
Canada
98%
Russia
97%
Mexico
95%
Brazil
92%
China
90%
United Kingdom
89%
Chile
88%
France
88%
Peru
88%
Bolivia
87%
Denmark
87%
Argentina
84%
Colombia
84%
India
84%
Indonesia
82%
Norway
82%
Sweden
82%
Germany
81%
Australia
80%
Ecuador
80%
Venezuela
80%
Kazakhstan
79%
Italy
78%
Paraguay
78%
Spain
78%
Kiribati
77%
Algeria
76%
Democratic Republic
of the Congo
75%
Finland
75%
South Africa
75%
Uruguay
75%
Pakistan
74%
Poland
74%
Bahamas
73%
Ireland
73%
Mali
73%
Iran
72%
Japan
72%
Iceland
71%
Morocco
71%
Papua New Guinea
71%
Cuba
70%
Nicaragua
70%
Portugal
70%
Suriname
70%
Guatemala
69%
Mongolia
69%
Sudan
69%
Belgium
68%
Federated States of
Micronesia
68%
Namibia
68%
Angola
67%
Chad
67%
Egypt
67%
Honduras
67%
Zambia
67%
Afghanistan
66%
Libya
66%
Guyana
65%
Mozambique
65%
Myanmar
65%
Philippines
65%
Saudi Arabia
65%
Thailand
65%
Botswana
64%
Niger
64%
Uzbekistan
64%
Austria
63%
Belarus
63%
Czech Republic
63%
New Zealand
63%
South Korea
63%
Ukraine
63%
Fiji
62%
Hungary
62%
Lithuania
62%
Panama
62%
Republic of the Congo
62%
Malaysia
61%
Turkey
61%
Turkmenistan
61%
Greece
60%
Laos
60%
Mauritania
60%
Nigeria
60%
Romania
60%
Serbia
60%
Switzerland
60%
Tanzania
60%
Vietnam
60%
Cape Verde
59%
Central African Republic
59%
Dominican Republic
59%
Estonia
59%
Latvia
59%
Oman
59%
Yemen
59%
Cameroon
58%
Iraq
58%
Madagascar
58%
Netherlands
58%
Senegal
58%
Slovakia
58%
South Sudan
58%
Bosnia and
Herzegovina
57%
Ethiopia
57%
Palau
57%
Bulgaria
56%
Comoros
56%
Croatia
56%
Ghana
56%
Tajikistan
56%
Kyrgyzstan
55%
Syria
55%
Zimbabwe
55%
Benin
54%
Cambodia
54%
Kenya
54%
Marshall Islands
54%
Solomon Islands
54%
Jordan
53%
Mauritius
53%
Somalia
53%
Vanuatu
53%
Bangladesh
52%
Lesotho
52%
Maldives
52%
Nauru
52%
Nepal
52%
São Tomé and Príncipe
52%
Sri Lanka
52%
Burkina Faso
51%
Gabon
51%
Moldova
51%
Samoa
51%
Azerbaijan
50%
Guinea
50%
Ivory Coast
50%
North Korea
50%
Seychelles
50%
Georgia
49%
Sierra Leone
48%
Tunisia
48%
Liberia
47%
Tonga
47%
Tuvalu
47%
Taiwan
46%
United Arab Emirates
46%
Bhutan
45%
Uganda
45%
Malawi
43%
Eritrea
40%
Armenia
39%

Score Distribution

Percentile by Number Answered

Percent of People with Each Score

Your Score History

You have not taken this quiz